MARC

Tag First Indicator Second Indicator Subfields
LEADER 00000cam a2200000Ia 4500
001 in00002391439
005 20210810090915.0
006 m | d |
007 cr cn|||||||||
008 071115s2007 njua sb 001 0 eng d
020 |a 0470170050 
020 |a 9780470170052 
035 |a (OCoLC)181349360 
035 |a (OCoLC)ocn181349360 
037 |a 10.1002/9780470170052  |b Wiley InterScience  |n http://www3.interscience.wiley.com 
040 |a DG1  |c DG1  |d UtOrBLW 
049 |a TEFA 
050 1 4 |a T57.85  |b .B726 2007eb 
082 0 4 |a 658.4/032  |2 22 
100 1 |a Brandimarte, Paolo.  |0 http://id.loc.gov/authorities/names/n95065713 
245 1 0 |a Introduction to distribution logistics /  |c Paolo Brandimarte, Giulio Zotteri. 
264 1 |a Hoboken, N.J. :  |b Wiley-Interscience,  |c [2007] 
264 4 |c ©2007 
300 |a xvi, 587 pages :  |b illustrations ;  |c 25 cm. 
336 |a text  |b txt  |2 rdacontent 
337 |a computer  |b c  |2 rdamedia 
338 |a online resource  |b cr  |2 rdacarrier 
490 1 |a Statistics in practice 
500 |a Electronic resource. 
504 |a Includes bibliographical references and index. 
533 |a Electronic reproduction.  |b Hoboken, N.J. :  |c Wiley InterScience,  |d 2007.  |n Mode of access: World Wide Web.  |n System requirements: Web browser.  |n Title from title screen (viewed on Nov. 14, 2007).  |n Access may be restricted to users at subscribing institutions. 
650 0 |a Business logistics  |x Statistical methods. 
650 0 |a Distribution (Probability theory)  |0 http://id.loc.gov/authorities/subjects/sh85038545 
650 0 |a Network analysis (Planning)  |x Mathematics. 
650 0 |a Physical distribution of goods  |x Mathematics. 
650 0 |a Production scheduling  |x Statistical methods. 
650 0 |a Traffic flow  |x Mathematical models.  |0 http://id.loc.gov/authorities/subjects/sh2010116834 
655 0 |a Electronic books. 
655 7 |a Electronic books.  |2 local 
700 1 |a Zotteri, Giulio,  |d 1970-  |0 http://id.loc.gov/authorities/names/n2007010305 
710 2 |a Wiley InterScience (Online service)  |0 http://id.loc.gov/authorities/names/no00037213 
776 1 |c Original  |z 9780471750444  |z 0471750441  |w (DLC) 2007006008  |w (OCoLC)85018295 
830 0 |a Statistics in practice.  |0 http://id.loc.gov/authorities/names/n93024160 
856 4 0 |u http://proxy.library.tamu.edu/login?url=https://dx.doi.org/10.1002/9780470170052  |z Connect to the full text of this electronic book  |t 0 
994 |a C0  |b TEF 
999 |a MARS 
999 f f |s fe7b91fa-f0e9-311d-8436-8252e7fc1773  |i 46e3ea49-11c5-3e70-b1ed-a17101f333c7  |t 0 
952 f f |a Texas A&M University  |b College Station  |c Electronic Resources  |d Available Online  |t 0  |e T57.85 .B726 2007eb  |h Library of Congress classification 
998 f f |a T57.85 .B726 2007eb  |t 0  |l Available Online